MARC

LEADER 00000nam0a2200000 4500
001 163011
005 20241115135222.0
010 |a 5936305171 
035 |a (RuTPU)RU\TPU\book\176805 
090 |a 163011 
100 |a 20090701d2005 km y0rusy50 ca 
101 0 |a rus 
102 |a RU 
105 |a y l 000zy 
200 1 |a Правила охраны недр. ПБ 07-601-03  |f Гостехнадзор РФ 
210 |a СПб.  |c Деан  |d 2005 
215 |a 63 с. 
225 1 |a Безопасность труда России 
606 1 |a Охрана недр  |2 stltpush  |3 (RuTPU)RU\TPU\subj\47884  |9 66793 
610 1 |a недра 
610 1 |a геологическое обеспечение 
610 1 |a маркшейдерское обеспечение 
610 1 |a горные работы 
610 1 |a проектирование 
610 1 |a месторождения 
610 1 |a очистные работы 
610 1 |a разработка 
610 1 |a минеральное сырье 
610 1 |a переработка 
610 1 |a окружающая среда 
610 1 |a горные предприятия 
610 1 |a консервация 
610 1 |a требования 
610 1 |a правила 
610 1 |a ПБ 07-601-03 
610 1 |a охрана 
675 |a 622.85  |v 3 
712 0 2 |a Гостехнадзор РФ  |7 ca  |8 rus  |2 stltpush  |3 (RuTPU)RU\TPU\col\9785  |9 24749 
801 1 |a RU  |b 63413507  |c 20090701  |g PSBO 
801 2 |a RU  |b 63413507  |c 20170220  |g RCR 
942 |c BK 
959 |a 79/20090629  |d 1  |e 165,00  |f ЧЗКДП:1